| 000 | 00425nam a2200145Ia 4500 | ||
|---|---|---|---|
| 008 | 220214s9999 xx 000 0 und d | ||
| 022 | _a0034-513x | ||
| 245 | 0 | _aRESEARCH AND INDUSTRY | |
| 260 |
_bCouncial of Scientific and Industrial Research, New Delhi _aIndia |
||
| 310 | _aQ | ||
| 500 | _aEnding Volume & Year: 32, 1987 | ||
| 500 | _aMissing Volume: 24;27;32(3) | ||
| 500 | _aStarting Volume & Year: 1, 1956 | ||
| 942 | _cBJ | ||
| 999 |
_c235 _d235 |
||